000 01261cam a2200277 a 4500
001 000002792
005 20200929150245.0
008 001106s2000 sp b 001 0dspa
020 _a8427713339
040 _aDO-SdBNP
_cDLC
_dDLC
082 _a860.9
_bL864p
100 1 _aLópez Cabrales, María del Mar
_d1967-?
_98815
245 1 0 _aPalabras de mujeres :
_bescritoras españolas contemporáneas. /
_cMaría del Mar López-Cabrales; prólogo de Francisco Solano.
260 _aMadrid :
_bNarcea,
_c2000.
300 _a206 p. ;
_c22 cm.
490 1 _aMujeres
500 _aentrevistas realizadas por: María del Mar López-Cabrales
504 _aIncluye referencias bibliográficas p.[204-206.]
505 0 _aAna Rossetti -- Juana Salabert -- Belén Gopegui -- Marta Sanz -- Irene Gracia -- Elvira Lindo -- Soledad Puértolas -- Josefina Aldecoa -- Rosa Regás -- Esther Tusquets -- Cristina Fernández Cubas -- Ana María Moix -- Dulce Chacón.
650 4 _aEscritoras españolas
_xEntrevistas
_98816
650 4 _aLiteratura española
_zAutoras
_xHistoria y crítica
_98817
650 4 _aAutoras españolas
_ySIGLO 20
_vENTREVISTAS
_98818
700 1 _aSolano, Francisco
_eprol.
_98819
830 0 _aMujeres.
_98820
910 _aCatalogación por copia / LC
999 _c2626
_d2626